History Quiz

Random History or War Quiz

Cold War: Military Tanks Quiz Stats

 Plays Quiz not verified by Sporcle

Score 0/25 Timer 10:00
0 Plays Today
OrginYearType Tank % Correct
USA1981 Main Battle TankM1 Abrams
94%
USSR1949 Main Battle TankT54/55
90.2%
W.Germ.1965 Main Battle TankLeopard I
89.1%
USSR1974 Main Battle TankT-72
89.1%
USA1963 Main Battle TankM60 Patton
88.3%
UK1983 Main Battle TankFV4030 Challenger I
85.7%
USA1952 Main Battle TankM48 Patton
84.6%
W.Germ.1979 Main Battle TankLeopard II
83.2%
USSR1976 Main Battle TankT-80
82.9%
USA1981 IFVM2/M3 Bradley
81.4%
USSR1941 Medium TankT-34
81.2%
USSR1958 Main Battle TankT-62
80%
Israel1979 Main Battle TankMerkava
78.3%
OrginYearType Tank % Correct
USA1951 Medium TankM47 Patton II
77.6%
USA1949 Medium TankM46 General Patton
76.5%
UK1945 Main Battle TankA41 Centurion
75.7%
USSR1967 IFVBMP-1
72.3%
USSR1970 Main Battle TankT-64
66.1%
UK1963 Main Battle TankFV4201 Chieftain
62.5%
USA1968 Light TankM551 Sheridan
62.3%
USSR1982 IFVBMP-2
61%
France1966 Main Battle TankAMX-30
60.1%
UK1986 IFVFV510 Warrior
53.7%
USSR1952 Light TankPT-76
53.5%
Sweden1966 Main Battle tankStridsvagn 103
42%

You're not logged in!

Compare scores with friends on all Sporcle quizzes.
OR
Log In

Show Comments

Extras

Top Quizzes Today


Score Distribution

Your Account Isn't Verified!

In order to create a playlist on Sporcle, you need to verify the email address you used during registration. Go to your Sporcle Settings to finish the process.

Report this User

Report this user for behavior that violates our Community Guidelines.

Details: